|
|
|
|
| LEADER |
00000nbm0a2200000 4500 |
| 001 |
159177 |
| 005 |
20231031154946.0 |
| 029 |
0 |
0 |
|a SU
|b 79048161
|f ТПУ
|
| 035 |
|
|
|a (RuTPU)RU\TPU\book\172635
|
| 090 |
|
|
|a 159177
|
| 100 |
|
|
|a 20090506d1981 k y0rusy50 ca
|
| 101 |
0 |
|
|a rus
|
| 102 |
|
|
|a RU
|
| 105 |
|
|
|a a p 001zy
|
| 200 |
1 |
|
|a Разработка специальных лабораторных блоков питания для испытаний и исследований гистерезисных двигателей
|e Заключительный отчет о НИР
|e Тема: х/д 8-29/78
|f Томский политехнический институт (ТПИ) ; руководитель О. С. Вадутов ; А. П. Полищук
|
| 210 |
|
|
|a Томск
|d 1981
|
| 215 |
|
|
|a 89 л.
|
| 320 |
|
|
|a Библиогр.: с. 64-65.
|
| 610 |
1 |
|
|a отчеты о НИР
|
| 610 |
1 |
|
|a питание
|
| 610 |
1 |
|
|a лаборатории
|
| 610 |
1 |
|
|a гистерезис
|
| 610 |
1 |
|
|a гистерезисные двигатели
|
| 610 |
1 |
|
|a импульсы
|
| 610 |
1 |
|
|a возбуждение
|
| 610 |
1 |
|
|a источники
|
| 675 |
|
|
|a 621.313.13(04)
|v 3
|
| 702 |
|
1 |
|a Вадутов
|b О. С.
|4 673
|
| 702 |
|
1 |
|a Полищук
|b А. П.
|4 677
|
| 712 |
0 |
2 |
|a Томский политехнический институт (ТПИ)
|c (1944-1991)
|2 stltpush
|3 (RuTPU)RU\TPU\col\1123
|4 595
|
| 801 |
|
1 |
|a RU
|b 63413507
|c 20090506
|g PSBO
|
| 801 |
|
2 |
|a RU
|b 63413507
|c 20160907
|g RCR
|
| 942 |
|
|
|c BK
|